| 000 | 00981nam a22003857a 4500 | ||
|---|---|---|---|
| 005 | 20240308190403.0 | ||
| 008 | 190619b xxu||||| |||| 00| 0 spa d | ||
| 020 | _a9786075381039 | ||
| 041 | _aESP | ||
| 082 | _a658.8 V726d | ||
| 100 |
_aVillaseca Morales, David _941137 |
||
| 245 | _aDesarrolla tu talento digital: cómo acelerar tu carrera y reforzar tu marca personal | ||
| 260 | _aMéxico | ||
| 260 | _bAlfaomega | ||
| 260 | _a2018 | ||
| 300 | _a158 páginas | ||
| 650 | _aMARKETING | ||
| 650 | _aCOMPETENCIAS DIGITALES | ||
| 650 | _aCONOCIMIENTO DIGITAL | ||
| 650 | _aMARKETING DIGITAL | ||
| 650 | _aE-COMMERCE | ||
| 650 | _aPUBLICIDAD | ||
| 650 | _aBIG DATA | ||
| 650 | _aINTELIGENCIA ARTIFICIAL | ||
| 650 | _aINTERNET | ||
| 650 | _aINNOVACIÓN | ||
| 650 | _aEMPRENDEDURISMO | ||
| 650 | _aCREATIVIDAD | ||
| 650 | _aAPRENDIZAJE CONTINUO | ||
| 650 | _aCOACHING | ||
| 942 |
_cBK _2ddc |
||
| 999 |
_c12107 _d12107 |
||